00620 2200241 4500001002100000005001700021008004100038020001800079035002400097082000800121090001800129100002100147245006100168250001100229260003100240300001900271650002700290850001200317985000600329999001300335999001300348990001700361YOGYA-0209000000058320090227020350.0 ind  a979-9386-11-x 0010-020900000000583 a425 a425bSys DlR aCYSSCO, Dhanny R aDictionary of english idioms English-IndonesiacDhanny R aCet. 3 aJakartabPuspa Swarac2000 a205 hlmc21 cm aBahasa Inggris - idiom aYOPDYOG a2 a04P03747 a04P03748 a3748-PD/P.04